[Event "Reykjavik op"]
[Site "Reykjavik"]
[Date "2018.03.12"]
[Round "7"]
[White "Mai, Aron Thor"]
[Black "Shailesh, Dravid"]
[Result "0-1"]
[WhiteElo "1975"]
[BlackElo "2246"]
[PlyCount "106"]
[EventDate "2018.03.06"]
[EventType "swiss"]
[EventRounds "9"]
[EventCountry "ISL"]
[SourceTitle "CBM 183 Extra"]
[Source "ChessBase"]
[SourceDate "2018.04.19"]
[SourceVersion "1"]
[SourceVersionDate "2018.04.19"]
[SourceQuality "1"]

1. d4 Nf6 2. Nc3 d5 3. Bf4 g6 4. e3 Bg7 5. h4 h5 6. Be2 0-0 7. Nf3 c5 8. Nb5 Na6 9. c3 Bg4 10. Ng5 Bxe2 11. Qxe2 Qb6 12. a4 Rfc8 13. 0-0 Nb8 14. dxc5 Qxc5 15. e4 a6 16. Na3 dxe4 17. Nxe4 Qf5 18. Nxf6+ Bxf6 19. Bg3 Nd7 20. Rfe1 Rc6 21. Qe4 Nc5 22. Qb4 Rac8 23. Re2 a5 24. Qb5 Qg4 25. Nc2 Bxh4 26. Ne3 Qg5 27. Bh2 Re6 28. Kf1 Qf6 29. Nd5 Qf5 30. Nf4 Rxe2 31. Qxe2 Bg5 32. Nh3 Bf6 33. Kg1 Qd3 34. Qe1 Rd8 35. Bf4 Qc2 36. Bc7 Rd7 37. Bb6 Nxa4 38. Bxa5 Nxb2 39. Kh2 Rd1 40. Rxd1 Nxd1 41. c4 Nb2 42. Bd8 Qxc4 43. g3 Qc5 44. Kg1 Nc4 45. Qe4 Qc8 46. Bxe7 Bxe7 47. Qxe7 Qxh3 48. Qd8+ Kh7 49. Qc7 Qe6 50. Qxb7 Ne5 51. Qe4 Qf5 52. Qe3 Ng4 53. Qe2 Qxf2+ 0-1